Sports Quiz

Random Sports or NFL Quiz

NFL Active Reception Leaders Quiz Stats

 Plays Quiz Updated Aug 11, 2019

Score 0/30 Timer 08:00
1 Play Today
Receptions Player % Correct
698Julio Jones
86.7%
837Antonio Brown
72.1%
499Julian Edelman
67.6%
1,303Larry Fitzgerald
67.1%
688Demaryius Thomas
66.7%
1,152Jason Witten
66.2%
602A.J. Green
63.4%
955Antonio Gates
62.1%
970Brandon Marshall
58.7%
528DeAndre Hopkins
57.4%
589DeSean Jackson
53.6%
535Emmanuel Sanders
48.3%
611Jimmy Graham
47.6%
507T.Y. Hilton
47.3%
481Jarvis Landry
46.9%
Receptions Player % Correct
611Golden Tate
41.6%
437Zach Ertz
39.8%
666Greg Olsen
37.1%
470Randall Cobb
36.2%
633Michael Crabtree
33.7%
426Alshon Jeffery
32.3%
485Danny Amendola
31%
573Vernon Davis
30.1%
483Delanie Walker
26.4%
628Pierre Garçon
24.4%
547Darren Sproles
23.4%
455Frank Gore
23.4%
475LeSean McCoy
19.8%
538Mike Wallace
19.3%
530Ben Watson
18%

You're not logged in!

Compare scores with friends on all Sporcle quizzes.
OR
Log In

Sporcle TV

Today on Sporcle TV


Watch our educational content, quiz creation guides, and fun videos on Sporcle TV.

Show Comments

Extras

Top Quizzes Today


Score Distribution

Your Account Isn't Verified!

In order to create a playlist on Sporcle, you need to verify the email address you used during registration. Go to your Sporcle Settings to finish the process.

Report this User

Report this user for behavior that violates our Community Guidelines.

Details: